000 00694cam a2200229 a 4500
001 13080384
005 20180209032231.0
008 030204s2003 nju 001 0 eng
010 _a 2003042627
020 _a0820557536 (hardbound)
040 _aDLC
_cDLC
_dDLC
041 _aeng
043 _an-us---
080 _a345.73 JOS
082 0 0 _a345.73 JOS
_221
100 1 _a14
101 _aLAW
245 1 0 _aCriminal law /
_cJoseph G. Cook, Paul Marcus.
906 _a7
_bcbc
_corignew
_d1
_eocip
_f20
_gy-gencatlg
942 _2ddc
_cBK
999 _c42200
_d42200